[Event "Sparkassen Chess Trophy 2024 A-Open"]
[Site "Dortmund"]
[Date "2024.08.18"]
[Round "9"]
[White "Beisteiner, Joachim"]
[Black "Ferro, Mario"]
[Result "1/2-1/2"]
[WhiteElo "2089"]
[BlackElo "2235"]
[PlyCount "118"]
[EventDate "2024.08.10"]

1. e4 c5 2. Nf3 Nc6 3. Bb5 Qc7 4. O-O a6 5. Bxc6 dxc6 6. d3 e5 7. h3 Ne7 8. a4 a5 9. Be3 Ng6 10. Na3 f6 11. Qd2 Be6 12. c3 Rd8 13. Qc2 Qf7 14. d4 Bb3 15. Qc1 cxd4 16. cxd4 Bd6 17. dxe5 Nxe5 18. Nd4 Bb4 19. Nxb3 Qxb3 20. f4 Nd3 21. Qc4 Nc5 22. Bxc5 Qxc4 23. Nxc4 Bxc5+ 24. Kh2 b6 25. e5 Rd4 26. b3 Kf7 27. f5 fxe5 28. Nxe5+ Kf6 29. Ng4+ Kg5 30. f6 gxf6 31. Nxf6 Bd6+ 32. Kh1 Bf4 33. Ng4 Re8 34. Nh2 Rb4 35. Nf3+ Kh5 36. Rfd1 Bg3 37. Rd7 Kg6 38. Nd4 Re1+ 39. Rxe1 Bxe1 40. Nc2 Re4 41. Nxe1 Rxe1+ 42. Kh2 Rc1 43. Rb7 h5 44. Rxb6 Rc3 45. Ra6 Rc5 46. Kg3 Kg5 47. Ra8 Rc3+ 48. Kf2 Rc5 49. g3 Kf5 50. Re8 Rc3 51. Re3 Rc2+ 52. Kf3 c5 53. h4 Kg6 54. Ke4 Kf6 55. Kf4 c4 56. bxc4 Rxc4+ 57. Re4 Rxe4+ 58. Kxe4 Kg6 59. Kd5 Kf5 {erfasst durch pgnApp - www.pgn-app.com} 1/2-1/2

[Event "Sparkassen Chess Trophy 2024 A-Open"]
[Site "Dortmund"]
[Date "2024.08.18"]
[Round "9"]
[White "Sabirov, Rafael"]
[Black "Lain, Luigi"]
[Result "0-1"]
[WhiteElo "2123"]
[BlackElo "2236"]
[PlyCount "88"]
[EventDate "2024.08.10"]

1. d4 Nf6 2. Nc3 d5 3. Bf4 Bf5 4. e3 e6 5. Nf3 Bd6 6. Ne5 O-O 7. g4 Bxe5 8. dxe5 Nxg4 9. Rg1 Qh4 10. Bg3 Qe7 11. Bf4 Qh4 12. Bg3 Qe7 13. Bf4 Qb4 14. a3 Qxb2 15. Na4 Qxc2 16. Qxc2 Bxc2 17. Rxg4 h5 18. Rg3 Bxa4 19. Bh6 g6 20. Bxf8 Kxf8 21. Rc1 c6 22. e4 Nd7 23. exd5 exd5 24. f4 c5 25. Bh3 c4 26. Kd2 Nc5 27. Ke2 d4 28. Rgg1 Rd8 29. Rxc4 Bb5 30. Rgc1 d3+ 31. Kd1 Bxc4 32. Rxc4 b6 33. Kd2 Nb3+ 34. Kd1 Rd4 35. Rc8+ Kg7 36. Rc7 Rxf4 37. e6 Rf2 38. Rd7 Rd2+ 39. Ke1 Re2+ 40. Kd1 Nc5 41. Rxf7+ Kh6 42. Rxa7 Ne4 43. Rc7 Nf2+ 44. Kc1 d2+ {erfasst durch pgnApp - www.pgn-app.com} 0-1

[Event "Sparkassen Chess Trophy 2024 A-Open"]
[Site "Dortmund"]
[Date "2024.08.18"]
[Round "9"]
[White "Schimnatkowski, Lukas"]
[Black "Guo, Philipp Ziming"]
[Result "1-0"]
[WhiteElo "2235"]
[BlackElo "2146"]
[PlyCount "55"]
[EventDate "2024.08.10"]

1. e4 c5 2. Nc3 d6 3. Bb5+ Nd7 4. a4 Ngf6 5. f4 a6 6. Bc4 e6 7. d3 Be7 8. Nf3 O-O 9. O-O b6 10. Bb3 Bb7 11. Qe1 Rc8 12. e5 Nd5 13. Nxd5 Bxd5 14. Bxd5 exd5 15. e6 Nb8 16. exf7+ Rxf7 17. Qe6 d4 18. f5 Qd7 19. Bg5 Rcf8 20. Rae1 Bd8 21. Bxd8 Qxd8 22. Qd5 Kh8 23. g4 h6 24. Re6 Rf6 25. Rfe1 Qd7 26. Nh4 Kh7 27. Ng6 R8f7 28. Re8 {erfasst durch pgnApp - www.pgn-app.com} 1-0

[Event "Sparkassen Chess Trophy 2024 A-Open"]
[Site "Dortmund"]
[Date "2024.08.18"]
[Round "9"]
[White "Kueppers, Timo"]
[Black "Frayna, Janelle Mae"]
[Result "0-1"]
[WhiteElo "2288"]
[BlackElo "2162"]
[PlyCount "117"]
[EventDate "2024.08.10"]

1. e4 c6 2. d4 d5 3. e5 Bf5 4. Nd2 e6 5. Nb3 Nd7 6. Nf3 h6 7. Be2 Ne7 8. O-O a6 9. a4 Nc8 10. Be3 Be7 11. Ne1 Na7 12. g4 Be4 13. f3 Bh7 14. f4 Be4 15. Bd3 Bxd3 16. Nxd3 O-O 17. f5 Bg5 18. Qd2 b6 19. a5 Bxe3+ 20. Qxe3 Qh4 21. axb6 Nxb6 22. Rxa6 Qxg4+ 23. Qg3 Qxg3+ 24. hxg3 Nac8 25. Rxa8 Nxa8 26. f6 Nc7 27. Nb4 Na7 28. Ra1 Ncb5 29. Nc5 Rc8 30. fxg7 Rc7 31. c3 Kxg7 32. Ra6 Kg6 33. Kf2 Kf5 34. Kf3 h5 35. Ra1 Kg5 36. Nbd3 Rc8 37. Nf4 Rh8 38. Nh3+ Kg6 39. Ra6 Rb8 40. Nd7 Rh8 41. Ke3 Kf5 42. Ra1 Nc8 43. Rf1+ Kg4 44. Nf2+ Kg5 45. Nd3 Kg6 46. Nf4+ Kg5 47. Nf6 Ne7 48. Rh1 Nf5+ 49. Kf3 Ne7 50. N4xh5 c5 51. dxc5 Ng6 52. Re1 Ra8 53. Rh1 Kh6 54. g4 Kg5 55. Kg3 Na7 56. b4 Nb5 57. Ra1 Nxe5 58. Ra6 Nxc3 59. c6 {Erfassung abgebrochen - unleserlich; erfasst durch pgnApp - www.pgn-app.com} 0-1

[Event "Sparkassen Chess Trophy 2024 A-Open"]
[Site "Dortmund"]
[Date "2024.08.18"]
[Round "9"]
[White "Van der Hagen, Loek"]
[Black "Michalke, Guenter"]
[Result "1-0"]
[WhiteElo "2334"]
[BlackElo "2174"]
[PlyCount "101"]
[EventDate "2024.08.10"]

1. e4 c5 2. Nc3 d6 3. d4 cxd4 4. Qxd4 a6 5. b3 Nf6 6. Bb2 e5 7. Qd2 Be7 8. O-O-O O-O 9. Kb1 Nbd7 10. f4 b5 11. a3 Bb7 12. Bd3 Nc5 13. Qe3 Qc7 14. b4 Ncd7 15. h3 Nb6 16. Nf3 Rac8 17. Rhe1 Rfe8 18. g4 exf4 19. Qxf4 Nfd7 20. g5 Ne5 21. Nxe5 dxe5 22. Qg3 Nc4 23. Bxc4 Qxc4 24. Rd7 Qc6 25. Red1 a5 26. Qf2 Rcd8 27. Rxd8 Bxd8 28. h4 Bb6 29. Qe2 axb4 30. axb4 Bd4 31. Qxb5 Rc8 32. Qxc6 Bxc6 33. Nd5 Bxd5 34. exd5 Rc4 35. Bxd4 exd4 36. b5 Kf8 37. Kb2 Ke7 38. Kb3 Rc3+ 39. Kb4 Rxc2 40. Rxd4 Kd6 41. Rf4 Kxd5 42. Rxf7 Rc4+ 43. Ka5 Rxh4 44. b6 Rh1 45. Rxg7 Kc6 46. Rc7+ Kd6 47. Ka6 Ra1+ 48. Kb7 Ra5 49. Rxh7 Rxg5 50. Kb8 Kc6 51. b7 {erfasst durch pgnApp - www.pgn-app.com} 1-0

[Event "Sparkassen Chess Trophy 2024 A-Open"]
[Site "Dortmund"]
[Date "2024.08.18"]
[Round "9"]
[White "Lyutsinger, Iren"]
[Black "Zamengo, Fulvio"]
[Result "0-1"]
[WhiteElo "2176"]
[BlackElo "2342"]
[PlyCount "80"]
[EventDate "2024.08.10"]

1. e4 d5 2. exd5 Qxd5 3. Nc3 Qd6 4. d4 Nf6 5. Nf3 c6 6. Ne5 Nbd7 7. Bf4 Nxe5 8. dxe5 Qxd1+ 9. Rxd1 Nd7 10. Bc4 Nb6 11. Bb3 Bf5 12. O-O e6 13. Rfe1 Bb4 14. Bd2 O-O-O 15. a3 Be7 16. Be3 h6 17. Na4 Nxa4 18. Bxa4 Kc7 19. f3 g5 20. Kf2 h5 21. b4 g4 22. f4 Bh4+ 23. g3 Be7 24. Kg1 h4 25. Bf2 hxg3 26. Bxg3 b5 27. Bb3 c5 28. c3 c4 29. Ba2 Rxd1 30. Rxd1 Rd8 31. Rxd8 Bxd8 32. Bf2 a6 33. Kf1 Kc6 34. Ke2 Bd3+ 35. Ke1 Kd5 36. Bg3 Ke4 37. Kf2 Bb6+ 38. Kg2 Be3 39. h4 gxh3+ 40. Kxh3 Bxf4 {erfasst durch pgnApp - www.pgn-app.com} 0-1

[Event "Sparkassen Chess Trophy 2024 A-Open"]
[Site "Dortmund"]
[Date "2024.08.18"]
[Round "9"]
[White "Pipiras, Filipa Fortuna"]
[Black "Froeyman, Helmut"]
[Result "0-1"]
[WhiteElo "2192"]
[BlackElo "2252"]
[PlyCount "96"]
[EventDate "2024.08.10"]

1. d4 f5 2. c4 Nf6 3. g3 e6 4. Bg2 c6 5. Nh3 d6 6. O-O Be7 7. Nc3 O-O 8. b3 a5 9. Ba3 Qc7 10. Qd2 e5 11. Rad1 Na6 12. e3 Re8 13. d5 c5 14. f4 e4 15. Nf2 g6 16. g4 Bf8 17. gxf5 Bxf5 18. Ne2 Nh5 19. Ng3 Nxg3 20. hxg3 h5 21. Kh2 Bg7 22. Bb2 Bxb2 23. Qxb2 Qg7 24. Qe2 Re7 25. Bh3 Qf6 26. Kg2 Kf7 27. Rh1 Rf8 28. a3 Ke8 29. Rb1 Kd8 30. Bxf5 Qxf5 31. Nh3 Kc8 32. Ng5 Kb8 33. Rhc1 Rc8 34. Qd2 Qg4 35. Rh1 b6 36. Rh4 Qf5 37. b4 cxb4 38. axb4 Nxb4 39. Rxb4 axb4 40. Qxb4 Kb7 41. Qxd6 Rd7 42. Qb4 Rdc7 43. g4 Qf6 44. gxh5 Rxc4 45. Qb5 Rc2+ 46. Kg3 Qa1 47. Nxe4 Qg1+ 48. Kf3 Qg2# {erfasst durch pgnApp - www.pgn-app.com} 0-1

[Event "Sparkassen Chess Trophy 2024 A-Open"]
[Site "Dortmund"]
[Date "2024.08.18"]
[Round "9"]
[White "Knudsen, Simon"]
[Black "Mann, Gergely"]
[Result "1-0"]
[WhiteElo "2251"]
[BlackElo "2062"]
[PlyCount "103"]
[EventDate "2024.08.10"]

1. e4 c6 2. d4 d5 3. f3 Qb6 4. Nc3 dxe4 5. fxe4 e5 6. Nf3 exd4 7. Nxd4 h5 8. a3 Bg4 9. Qd3 Nd7 10. h3 Ne5 11. Qg3 Bd6 12. hxg4 Qxd4 13. gxh5 Nf6 14. Be3 Neg4 15. Bxd4 Bxg3+ 16. Ke2 O-O-O 17. Kf3 Rxd4 18. Kxg3 Ne5 19. Kf4 Neg4 20. Rh4 g5+ 21. Kxg5 Nxe4+ 22. Nxe4 Rxe4 23. Kf5 Rd4 24. g3 Ne3+ 25. Kg5 Rd5+ 26. Kf6 Rf5+ 27. Kg7 Rhxh5 28. Bh3 Kc7 29. Bxf5 Nxf5+ 30. Kxf7 Nxh4 31. Rh1 Rc5 32. gxh4 Rxc2 33. h5 Rf2+ 34. Kg6 Rg2+ 35. Kf5 Rxb2 36. h6 Rf2+ 37. Kg6 Rf8 38. Kg7 Rd8 39. h7 b5 40. h8=Q Rxh8 41. Rxh8 a5 42. Kf6 Kd6 43. Rd8+ Kc5 44. Ke5 b4 45. axb4+ axb4 46. Ke4 Kc4 47. Ke3 Kc3 48. Rc8 Kb2 49. Kd2 b3 50. Rxc6 Ka2 51. Ra6+ Kb2 52. Rb6 {erfasst durch pgnApp - www.pgn-app.com} 1-0

[Event "Sparkassen Chess Trophy 2024 A-Open"]
[Site "Dortmund"]
[Date "2024.08.18"]
[Round "9"]
[White "Farokhi, Keyvan"]
[Black "Tomasjan, Samuel"]
[Result "1-0"]
[WhiteElo "2307"]
[BlackElo "2011"]
[PlyCount "75"]
[EventDate "2024.08.10"]

1. d4 d5 2. Nf3 e6 3. c4 Nf6 4. g3 Be7 5. Bg2 dxc4 6. O-O O-O 7. Na3 Bxa3 8. bxa3 b5 9. a4 a6 10. Ba3 Re8 11. Ne5 Nd5 12. e4 Nf6 13. Nxf7 Kxf7 14. e5 Nd5 15. Qh5+ Kg8 16. Be4 g6 17. Bxg6 hxg6 18. Qxg6+ Kh8 19. Rfe1 Nc3 20. d5 Qd7 21. Rad1 Rg8 22. Qh6+ Qh7 23. Qf6+ Qg7 24. Rd4 Qxf6 25. exf6 Kh7 26. dxe6 Kg6 27. f7 Bxe6 28. fxg8=Q+ Bxg8 29. Rg4+ Kf7 30. Re7+ Kf6 31. Rxg8 Nxa2 32. Rf8+ Kg6 33. Re4 b4 34. Rg4+ Kh7 35. Rf7+ Kh6 36. Rfg7 bxa3 37. R4g6+ Kh5 38. g4+ {erfasst durch pgnApp - www.pgn-app.com} 1-0

[Event "Sparkassen Chess Trophy 2024 A-Open"]
[Site "Dortmund"]
[Date "2024.08.18"]
[Round "9"]
[White "Bashirov, Kemal"]
[Black "Hoppe, Thilo"]
[Result "1/2-1/2"]
[WhiteElo "2339"]
[BlackElo "2101"]
[PlyCount "164"]
[EventDate "2024.08.10"]

1. d4 d5 2. c4 c6 3. cxd5 cxd5 4. Bf4 Nc6 5. e3 Nf6 6. Nc3 a6 7. Bd3 Bg4 8. Nge2 e6 9. O-O Bd6 10. f3 Bh5 11. Rc1 O-O 12. Na4 e5 13. dxe5 Nxe5 14. Bb1 h6 15. Ng3 Bg6 16. Bxe5 Bxe5 17. f4 Bb8 18. Bxg6 fxg6 19. Qd3 Ba7 20. Nc5 Qe8 21. Kh1 Rc8 22. b4 Bxc5 23. bxc5 Kh7 24. Rfe1 Qf7 25. Kg1 Rfe8 26. f5 g5 27. Qd4 Qe7 28. a4 Rc7 29. Re2 Rec8 30. Rec2 b6 31. c6 b5 32. axb5 axb5 33. Nf1 Qd6 34. Qc5 Qe5 35. Qxb5 Qxf5 36. Ng3 Qe6 37. Rc3 Kh8 38. Qb6 Ne4 39. Nxe4 Qxe4 40. Qd4 Qe6 41. Qb6 Kh7 42. h3 Kh8 43. Kh1 Kh7 44. Qb5 Kh8 45. Rd1 Rxc6 46. Rxc6 Qxc6 47. Qxc6 Rxc6 48. Rxd5 Rc3 49. Re5 Kg8 50. Kg1 Rc2 51. Kh2 Kf7 52. Kg3 Kf6 53. Ra5 Rc6 54. Kf3 Rb6 55. Ra2 Kf5 56. g4+ Ke5 57. Ra5+ Ke6 58. Ra7 Kf6 59. Ke4 Re6+ 60. Kd4 Rd6+ 61. Ke4 Re6+ 62. Kf3 Rb6 63. Rd7 Rb4 64. Rd6+ Ke5 65. Rd7 Kf6 66. Rd4 Rb1 67. Ke4 Ke6 68. Ra4 Rb6 69. Ra7 Rb4+ 70. Kd3 Kf6 71. e4 Rb1 72. Ra5 Ke6 73. Ra7 Kf6 74. Ke3 Re1+ 75. Kd4 Rd1+ 76. Ke3 Re1+ 77. Kf3 Rb1 78. Ra6+ Ke5 79. Ra5+ Ke6 80. Ra6+ Ke5 81. Ra5+ Ke6 82. Ra6+ Ke5 {erfasst durch pgnApp - www.pgn-app.com} 1/2-1/2

[Event "Sparkassen Chess Trophy 2024 A-Open"]
[Site "Dortmund"]
[Date "2024.08.18"]
[Round "9"]
[White "Altini, Nicola"]
[Black "Labruyere, Roger"]
[Result "1-0"]
[WhiteElo "2374"]
[BlackElo "2189"]
[PlyCount "65"]
[EventDate "2024.08.10"]

1. d4 Nf6 2. c4 e6 3. Nc3 d5 4. cxd5 exd5 5. Bg5 c6 6. Qc2 Be7 7. e3 O-O 8. Bd3 Nbd7 9. Nge2 Re8 10. O-O Nf8 11. f3 g6 12. Bh4 Ne6 13. Kh1 b5 14. Rfe1 Bd7 15. Nf4 Nxf4 16. exf4 Nh5 17. Rxe7 Rxe7 18. f5 Qf8 19. Qd2 Ree8 20. g4 Ng7 21. Qf4 c5 22. Nxd5 Nxf5 23. gxf5 Bc6 24. Nf6+ Kh8 25. d5 Red8 26. Ng4 h5 27. Bf6+ Kg8 28. Nh6+ Kh7 29. fxg6+ fxg6 30. Bxg6+ Kxg6 31. Rg1+ Kh7 32. Qf5+ Kxh6 33. Qg6# {erfasst durch pgnApp - www.pgn-app.com} 1-0